LEADER 01758nam 2200505 450 001 9910493209603321 010 $a1-57181-101-X 010 $a1-78238-158-9 035 $a(CKB)3710000000656973 035 $a(MiAaPQ)EBC4560116 035 $a(EXLCZ)993710000000656973 100 $a20160712h20002000 uy 0 101 0 $aeng 135 $aurcnu|||||||| 181 $2rdacontent 182 $2rdamedia 183 $2rdacarrier 200 00$aHunters and gatherers in the modern world $econflict, resistance, and self-determination /$fedited by Peter P. Schweitzer, Megan Biesele, and Robert K. Hitchcock 210 1$aNew York ;$aOxford, [England] :$cBerghahn Books,$d2000. 210 4$d©2000 215 $a1 online resource (512 pages) $cillustrations 311 $a1-57181-102-8 320 $aIncludes bibliographical references at the end of each chapters and index. 606 $aHunting and gathering societies$xPolitical aspects 606 $aHunting and gathering societies$xGovernment policy 606 $aIndigenous peoples$xPolitics and government 606 $aCulture conflict 606 $aEthnicity 608 $aElectronic books. 615 0$aHunting and gathering societies$xPolitical aspects. 615 0$aHunting and gathering societies$xGovernment policy. 615 0$aIndigenous peoples$xPolitics and government. 615 0$aCulture conflict. 615 0$aEthnicity. 676 $a306.3/64 702 $aSchweitzer$b Peter P. 702 $aBiesele$b Megan 702 $aHitchcock$b Robert K. 801 0$bMiAaPQ 801 1$bMiAaPQ 801 2$bMiAaPQ 906 $aBOOK 912 $a9910493209603321 996 $aHunters and gatherers in the modern world$92487838 997 $aUNINA LEADER 03145nas 2201057-a 450 001 996207300103316 005 20230522010532.0 011 $a1747-0285 035 $a(DE-599)ZDB2216600-2 035 $a(OCoLC)61495483 035 $a(CKB)1000000000025840 035 $a(CONSER)--2006264559 035 $a(EXLCZ)991000000000025840 100 $a20050913a20069999 s-- a 101 0 $aeng 135 $aurcnu|||||||| 181 $ctxt$2rdacontent 182 $cc$2rdamedia 183 $acr$2rdacarrier 200 00$aChemical biology & drug design 210 $a[Oxford] $cBlackwell Munksgaard 215 $a1 online resource 300 $aRefereed/Peer-reviewed 311 $a1747-0277 517 3 $aChemical biology and drug design 517 1 $aChem Biol Drug Des 531 $aCHEM BIOL DRUG DES 531 $aCHEMICAL BIOLOGY AND DRUG DESIGN 531 $aCHEM. BIOL. DRUG DES 606 $aPeptides$vPeriodicals 606 $aProteins$vPeriodicals 606 $aDrugs$xDesign$vPeriodicals 606 $aBiochemistry$vPeriodicals 606 $aBiochemistry 606 $aPharmaceutical chemistry 606 $aDrugs$xDesign 606 $aBiochemistry 606 $aChemistry, Pharmaceutical 606 $aDrug Design 606 $aChemistry, Pharmaceutical$vPeriodicals 606 $aDrug Design$vPeriodicals 606 $aBiochemistry$vPeriodicals 606 $abiochemistry 606 $aPeptides$vPériodiques 606 $aProtéines$vPériodiques 606 $aMédicaments$xConception$vPériodiques 606 $aBiochimie$vPériodiques 606 $aBiochimie 606 $aChimie pharmaceutique 606 $aMédicaments$xConception 606 $abiochemistry$2aat 606 $aPharmaceutical chemistry$2fast$3(OCoLC)fst01060115 606 $aBiochemistry$2fast$3(OCoLC)fst00831961 606 $aDrugs$xDesign$2fast$3(OCoLC)fst00898790 606 $aPeptides$2fast$3(OCoLC)fst01057564 606 $aProteins$2fast$3(OCoLC)fst01079711 608 $aInternet resource. 608 $aComputer network resources. 608 $aPeriodicals.$2fast 608 $aPeriodicals.$2lcgft 615 0$aPeptides 615 0$aProteins 615 0$aDrugs$xDesign 615 0$aBiochemistry 615 0$aBiochemistry. 615 0$aPharmaceutical chemistry. 615 0$aDrugs$xDesign. 615 2$aBiochemistry 615 2$aChemistry, Pharmaceutical 615 2$aDrug Design 615 2$aChemistry, Pharmaceutical 615 2$aDrug Design 615 2$aBiochemistry 615 3$abiochemistry. 615 6$aPeptides 615 6$aProtéines 615 6$aMédicaments$xConception 615 6$aBiochimie 615 6$aBiochimie. 615 6$aChimie pharmaceutique. 615 6$aMédicaments$xConception. 615 7$abiochemistry. 615 7$aPharmaceutical chemistry. 615 7$aBiochemistry. 615 7$aDrugs$xDesign. 615 7$aPeptides. 615 7$aProteins. 906 $aJOURNAL 912 $a996207300103316 996 $aChemical biology & drug design$91000886 997 $aUNISA